000 01075nac a22004210a 4500
001 PT54359
003 AR-LpoUNG
005 20210201005530.0
008 201001s1995||||sp |||||||||||||||||spa d
020 _a8475834442
_c$28
040 _aAR-LpoUNG
_bspa
_eaacr
041 _aspa
044 _asp
082 0 _aR909 794ind-v2
100 1 _aJohnson, Gordon
245 1 0 _aIndia :
_bIndia, Pakistán, Nepal, Bután, Bangladesh y Sri Lanka
260 _aBarcelona :
_bFolio,
_c1995.
300 _a[113] p. :
_bil., mapas, gráfs., fot.
_3Impreso
490 0 _aAtlas culturales del mundo
650 4 _aANALISIS HISTORICO
650 4 _aARTE
650 4 _aASPECTOS GEOGRAFICOS
650 4 _aASPECTOS POLITICOS
650 4 _aATLAS
650 4 _aCIVILIZACION
650 4 _aCRISTIANISMO
650 4 _aCULTURA
650 4 _aDANZA
650 4 _aFACTORES CULTURALES
650 4 _aHISTORIA
650 4 _aINDIA
650 4 _aMATERIAL DE REFERENCIA
650 4 _aMUSICA
650 4 _aSOCIEDAD
651 4 _aMundial
905 _a54359
942 _cLSALA
999 _c50095
_d50095